| 000 | 00840nam a2200229 i 4500 | ||
|---|---|---|---|
| 001 | bg | ||
| 245 | 0 | 0 |
_aWybrane problemy kształtowania infrastruktury rozwoju zrównoważonego / _cpod red. nauk. Anny Chmielak. |
| 260 |
_aBiałystok : _bWydaw. PB, _c2001. |
||
| 300 |
_a255 s. : _berr. ; _c24 cm. |
||
| 490 | 1 |
_aRozprawy Naukowe / Politechnika Białostocka, _x0867-096X ; _vnr 81 |
|
| 504 | _aBibliogr. Indeks. | ||
| 650 | 9 |
_aEkorozwój _zPolska _yod 1989 r. |
|
| 650 | 9 |
_aInfrastruktura techniczna _zPolska _yod 1989 r. |
|
| 650 | 9 |
_aŚwiadomość ekologiczna _zPolska _yod 1989 r. |
|
| 700 | 1 |
_aCHMIELAK, Anna. _eRed. |
|
| 830 | 0 |
_aRozprawy Naukowe (Politechnika Białostocka) ; _vnr 81 |
|
| 040 | _cBPK | ||
| 041 | 0 | _apol | |
| 080 | _a504.03:316.64:338.49](438)"1989/..." | ||
| 942 | _cKS | ||
| 008 | s pl f |000 0 pol | ||
| 999 |
_c43091 _d43091 |
||
| 856 |
_uhttp://koha.tu.koszalin.pl/cgi-bin/koha/opac-detail.pl?biblionumber=43091 _yKatalog online BPK |
||